| 000 | 00765nam a22002417a 4500 | ||
|---|---|---|---|
| 001 | 783 | ||
| 005 | 20260213114825.0 | ||
| 008 | 130115b xxu||||| |||| 00| 0 eng d | ||
| 020 | _a13:978-81-315-1106-0 and 10:81-315-11-6-5 | ||
| 040 | _aBSULIB | ||
| 082 |
_222 _a658.3 _bSNE |
||
| 100 |
_aSnell, Scott, _92041 |
||
| 245 |
_aHuman Resources Management: _ba south-Asian Perspective/ _cScott, Snell, Bahlander,George and Vahra Veena |
||
| 250 | _aIndian ed. | ||
| 260 |
_aDelhi: _bCengage Learning, _c2007. |
||
| 300 |
_axv, 593P.: _c24cm. _bill.; |
||
| 500 | _aIncludes bibliographical references and index | ||
| 650 |
_aHuman Resource _92039 |
||
| 658 | _aManagement | ||
| 700 |
_aVohra, Veena. _926279 |
||
| 700 |
_aBahlander, George _926280 |
||
| 942 |
_2ddc _cBK |
||
| 999 |
_c783 _d783 |
||